Brexit a jeho vliv na evropské pojišťovnictví
Asociácia britských poisťovní sa snažila presvedčovať o výhodách zotrvania Spojeného království v EU. Referendum nedopadlo tak, ako dúfala. Hoci od referenda uplynul viac než rok, stále nie je jasné, ako budú vyzerať vzťahy medzi EÚ a Spojeným kráľovstvom. Dopady brexitu na poisťovne.
Salvato in:
| Autore principale: | |
|---|---|
| Natura: | Capitolo di libro |
| Lingua: | ceco |
| Soggetti: | |
| Tags: |
Nessun Tag, puoi essere il primo ad aggiungerne!!
|
MARC
| LEADER | 00000nla a2200000 4500 | ||
|---|---|---|---|
| 001 | 0236942 | ||
| 005 | 20240417075128.3 | ||
| 041 | 0 | |a cze | |
| 044 | |a CZ | ||
| 245 | 1 | 0 | |a Brexit a jeho vliv na evropské pojišťovnictví |c Carol Hallová |
| 520 | |a Asociácia britských poisťovní sa snažila presvedčovať o výhodách zotrvania Spojeného království v EU. Referendum nedopadlo tak, ako dúfala. Hoci od referenda uplynul viac než rok, stále nie je jasné, ako budú vyzerať vzťahy medzi EÚ a Spojeným kráľovstvom. Dopady brexitu na poisťovne. | ||
| 610 | 2 | 0 | |a poisťovníctvo |
| 610 | 2 | 0 | |a Spojené kráľovstvo |
| 610 | 2 | 0 | |a dezintegrácia |
| 610 | 2 | 0 | |a Európska únia |
| 610 | 2 | 0 | |a brexit |
| 100 | 1 | |a Hallová, Carol | |